Top 10 Crypto-Monnaies - Statistiques

Statistiques générales
  • Ce quiz a été pris 293 fois
  • Le résultat moyen est 4 sur 10
Statistiques - réponses
Hint Réponse % Correct
1 Bitcoin
100%
2 Ethereum
94%
3 Tether
42%
5 Solana
38%
4 Binance Coin
28%
7 XRP
18%
8 Dogecoin
16%
6 USDC
15%
9 Tron
6%
10 Toncoin
3%
Aucun quiz correspondant
Distribution des résultats
% des personnes avec chaque résultat
Percentile par nombre de réponses
Votre historique - résultats
Vous n’avez pas pris ce quiz